000 00324nam a22001457a 4500
008 240205b ||||| |||| 00| 0 eng d
020 _a0306309963
041 _aeng
080 _21977
_a61
082 _a61SIN
100 _a2
101 _aMJP
245 _aPAGET*S DISEASE OF BONE
_cFREDERICK R.SINGER
942 _2udc
_cBK
999 _c60581
_d60581